|
|
|
|
| LEADER |
00000nam0a2200000 4500 |
| 001 |
128132 |
| 005 |
20231031132527.0 |
| 010 |
|
|
|a 5852201650
|
| 020 |
|
|
|a RU
|b 92-34713
|
| 035 |
|
|
|a (RuTPU)RU\TPU\book\138586
|
| 090 |
|
|
|a 128132
|
| 100 |
|
|
|a 20071224d1992 m a0rusy5003 ca
|
| 101 |
1 |
|
|a rus
|c ara
|
| 102 |
|
|
|a RU
|
| 105 |
|
|
|a y z 000ay
|
| 200 |
1 |
|
|a Избранные произведения
|e Пер. с араб.
|f Н. Махфуз
|g сост.и послесл. В. Н. Кирпиченко
|
| 210 |
|
|
|a Москва
|c Панорама
|d 1992
|
| 215 |
|
|
|a 621,[2] с., [1] л. портр.
|d 21 см
|
| 225 |
1 |
|
|a Лауреаты Нобелевской премии
|
| 327 |
1 |
|
|a Содерж.: Романы: Предания нашей улицы; Вор и собаки; Путь
|
| 610 |
1 |
|
|a арабская литература
|
| 610 |
1 |
|
|a романы
|
| 610 |
1 |
|
|a египетская литература
|
| 610 |
1 |
|
|a Египет
|
| 675 |
|
|
|a 892.7
|z rus
|
| 700 |
|
1 |
|a Махфуз
|b Н.
|g Нагиб
|4 070
|
| 702 |
|
1 |
|a Кирпиченко
|b В. Н.
|4 220
|
| 801 |
|
0 |
|a RU
|b RuMRKP
|c 19950417
|g psbo
|
| 801 |
|
1 |
|a RU
|b 63413507
|c 20071224
|g PSBO
|
| 801 |
|
2 |
|a RU
|b 63413507
|c 20071224
|g PSBO
|
| 942 |
|
|
|c BK
|